[Event "Baden-ch AT2"]
[Site "Oberwinden"]
[Date "2007.04.13"]
[Round "8"]
[White "Stratz, Franz Paul"]
[Black "Weindel, Walter"]
[Result "1/2-1/2"]
[WhiteElo "1549"]
[BlackElo "1463"]
[PlyCount "38"]
[EventDate "2007.04.07"]
[EventType "swiss"]
[EventRounds "9"]
[EventCountry "GER"]
[SourceTitle "CBM 117 Extra"]
[Source "ChessBase"]
[SourceDate "2007.05.09"]
[SourceVersion "1"]
[SourceVersionDate "2007.05.09"]
[SourceQuality "1"]

1. d4 d5 2. Nf3 Nf6 3. Bf4 e6 4. h3 Bd6 5. Ne5 Nh5 6. Bh2 Nd7 7. e3 Nhf6 8. c4 Bb4+ 9. Nc3 c5 10. a3 Ba5 11. dxc5 Bxc3+ 12. bxc3 Nxc5 13. Bd3 0-0 14. 0-0 dxc4 15. Bxc4 Nfe4 16. Qc2 Qa5 17. Bd3 Nxd3 18. Qxd3 Nf6 19. Rfd1 Qd5 1/2-1/2

[Event "Baden-ch AT2"]
[Site "Oberwinden"]
[Date "2007.04.11"]
[Round "5"]
[White "Weindel, Walter"]
[Black "Baumann, Peter"]
[Result "1/2-1/2"]
[WhiteElo "1463"]
[BlackElo "1559"]
[PlyCount "37"]
[EventDate "2007.04.07"]
[EventType "swiss"]
[EventRounds "9"]
[EventCountry "GER"]
[SourceTitle "CBM 117 Extra"]
[Source "ChessBase"]
[SourceDate "2007.05.09"]
[SourceVersion "1"]
[SourceVersionDate "2007.05.09"]
[SourceQuality "1"]

1. e4 c5 2. Nf3 d6 3. d4 cxd4 4. Nxd4 Nf6 5. Nc3 a6 6. Be2 e6 7. Bg5 Be7 8. 0-0 0-0 9. Qd2 b5 10. a3 Bb7 11. Bd3 Nbd7 12. Rae1 Rc8 13. f4 Qc7 14. Nf3 e5 15. Nh4 g6 16. Rf3 Nc5 17. fxe5 Ng4 18. Bxe7 Qxe7 19. Rh3 1/2-1/2

[Event "Baden-ch AT2"]
[Site "Oberwinden"]
[Date "2007.04.10"]
[Round "4"]
[White "Rechlin, Stefan"]
[Black "Weindel, Walter"]
[Result "1/2-1/2"]
[WhiteElo "1576"]
[BlackElo "1463"]
[PlyCount "62"]
[EventDate "2007.04.07"]
[EventType "swiss"]
[EventRounds "9"]
[EventCountry "GER"]
[SourceTitle "CBM 117 Extra"]
[Source "ChessBase"]
[SourceDate "2007.05.09"]
[SourceVersion "1"]
[SourceVersionDate "2007.05.09"]
[SourceQuality "1"]

1. e4 e5 2. Bc4 Nf6 3. Nc3 c6 4. Nf3 d5 5. exd5 cxd5 6. Bb5+ Bd7 7. Nxe5 Bxb5 8. Nxb5 Qa5 9. Nd4 Bd6 10. Nef3 0-0 11. 0-0 Nbd7 12. d3 Rfe8 13. Bd2 Qb6 14. Nb3 a5 15. Be3 Qc7 16. h3 Ne5 17. Nxe5 Bxe5 18. c3 b6 19. Nd4 Qd7 20. Qb3 Bd6 21. Rfe1 Rab8 22. Nf3 a4 23. Qc2 b5 24. Qd2 b4 25. Bf4 bxc3 26. bxc3 Bxf4 27. Qxf4 Rxe1+ 28. Rxe1 Rb2 29. Qc1 a3 30. Qf4 h6 31. Ra1 Qb5 1/2-1/2

[Event "Baden-ch AT2"]
[Site "Oberwinden"]
[Date "2007.04.08"]
[Round "2"]
[White "Bertram, Christian"]
[Black "Weindel, Walter"]
[Result "0-1"]
[WhiteElo "957"]
[BlackElo "1463"]
[PlyCount "74"]
[EventDate "2007.04.07"]
[EventType "swiss"]
[EventRounds "9"]
[EventCountry "GER"]
[SourceTitle "CBM 117 Extra"]
[Source "ChessBase"]
[SourceDate "2007.05.09"]
[SourceVersion "1"]
[SourceVersionDate "2007.05.09"]
[SourceQuality "1"]

1. e4 e5 2. Nf3 Nc6 3. Bc4 Bc5 4. d3 Nf6 5. Bg5 d6 6. Nc3 h6 7. Bxf6 Qxf6 8. Nd5 Qd8 9. 0-0 Na5 10. b4 Nxc4 11. bxc5 Na5 12. cxd6 Qxd6 13. d4 Nc6 14. dxe5 Nxe5 15. Nxe5 Qxe5 16. h3 0-0 17. Re1 Rd8 18. f4 Qd6 19. c4 c6 20. e5 Qc5+ 21. Kh2 cxd5 22. cxd5 Qxd5 23. Qc2 Qd4 24. Rad1 Qxf4+ 25. g3 Qg5 26. Rxd8+ Qxd8 27. Rd1 Qe7 28. Qe4 Be6 29. a4 Rd8 30. Rxd8+ Qxd8 31. Qxb7 Qd2+ 32. Kg1 Qe3+ 33. Kh2 Qf2+ 34. Kh1 Qf1+ 35. Kh2 Qxh3+ 36. Kg1 Qxg3+ 37. Kf1 Bc4# 0-1

[Event "Baden-ch AT2"]
[Site "Oberwinden"]
[Date "2007.04.07"]
[Round "1"]
[White "Weindel, Walter"]
[Black "Steiert, Roland"]
[Result "0-1"]
[WhiteElo "1463"]
[BlackElo "1708"]
[PlyCount "141"]
[EventDate "2007.04.07"]
[EventType "swiss"]
[EventRounds "9"]
[EventCountry "GER"]
[SourceTitle "CBM 117 Extra"]
[Source "ChessBase"]
[SourceDate "2007.05.09"]
[SourceVersion "1"]
[SourceVersionDate "2007.05.09"]
[SourceQuality "1"]

1. e4 c5 2. Nf3 e6 3. d4 cxd4 4. Nxd4 a6 5. Nc3 Qc7 6. Bd3 Bd6 7. Nf3 Nc6 8. a3 Ne5 9. Be3 Ng4 10. Bd4 Ne7 11. h3 Ne5 12. Nxe5 Bxe5 13. Bxe5 Qxe5 14. Qd2 Ng6 15. g3 b6 16. Qe3 b5 17. f4 Qb8 18. Qd4 0-0 19. h4 Re8 20. h5 e5 21. Qf2 Nf8 22. f5 h6 23. g4 Nh7 24. Nd5 d6 25. 0-0-0 Ra7 26. f6 Be6 27. fxg7 Bxd5 28. exd5 e4 29. Rde1 Rae7 30. Bf1 Re5 31. Bg2 Qd8 32. Kb1 Ng5 33. Qd4 Qa8 34. c4 bxc4 35. Qxc4 Rxd5 36. Re3 Rde5 37. Rhe1 d5 38. Qa4 Rd8 39. Qa5 Rde8 40. Qb6 Ne6 41. Rf1 Kxg7 42. Qd6 Ng5 43. Rf2 R8e6 44. Qd7 Qe8 45. Qa7 Qa4 46. Rd2 Rd6 47. Qb8 Qd7 48. Bf1 d4 49. Rxd4 Red5 50. Rxd5 Rxd5 51. Be2 Nf3 52. Qb4 Rd1+ 53. Bxd1 Qxd1+ 54. Ka2 Nd2 55. Qd4+ Kh7 56. a4 a5 57. b4 Qc2+ 58. Qb2 Qxb2+ 59. Kxb2 Nc4+ 60. Kc3 Nxe3 61. b5 Nd5+ 62. Kd4 e3 63. Kxd5 e2 64. Kc6 e1Q 65. Kb6 Kg7 66. Ka6 Kf6 67. b6 Kg5 68. b7 Qe5 69. Ka7 Kxg4 70. b8Q Qxb8+ 71. Kxb8 0-1